La poesía de Rubén Darío: Ensayo

Na minha lista:
Detalhes bibliográficos
Autor principal: Salinas, Pedro
Formato: Livro
Idioma:Undetermined
Publicado em: Buenos Aires, Argentina Losada 1957
Edição:2
Assuntos:
Tags: Adicionar Tag
Sem tags, seja o primeiro a adicionar uma tag!

MARC

LEADER 00000nam a2200000Ia 4500
008 170316s9999 xx 000 0 und d
090 |a 801 S-3p 
100 |a Salinas, Pedro 
245 |a La poesía de Rubén Darío: Ensayo 
250 |a 2 
260 |a Buenos Aires, Argentina 
260 |b Losada 
260 |c 1957 
300 |a 294 páginas 
650 |a TEORÍA LITERARIA 
650 |a ENSAYO 
999 |c 20669  |d 20669 
040 |a cru BVZT 
942 |c 15 D  |h 801 S-3p  |2 z